00618nam a2200205 a 450000100100000000500170001000800410002702000150006804000250008308200150010810000180012324500220014125000120016326000350017530000210021049000220023183000290025395201130028299900170039500003436220200930073646.0111003s1977 sp 000 0 spa d a8423910040 aDO-SdBNPbspacBNPHU axxxbH766o1 aHomero93811310aOdisea /cHomero. a11a ed. aMadrid :bEspasa-Calpe,c1977. a256 p. ;c19 cm.1 aAustralvno. 1004 0aAustralnno. 1004959787 001050718MOaGRbGRcHDd2011-10-03iLF1l0oxxx H766op34362-10r2020-06-25w2020-06-25y1ZNo se presta c33853d33853